| 000 | 00377nam a22001457a 4500 | ||
|---|---|---|---|
| 999 |
_c5991 _d5989 |
||
| 005 | 20210827140738.0 | ||
| 008 | 190911b xxu||||| |||| 00| 0 eng d | ||
| 020 | _a978-81-85731-80-3 | ||
| 041 | _aeng | ||
| 100 |
_aCHAUDHRY, N.C. AND GURBANI, N.K. _95086 |
||
| 245 | _aPHARMACEUTICAL CHEMISTRY - I | ||
| 260 |
_aDELHI _bVALLABH PRAKASHAN _c2013 |
||
| 300 | _a278p, | ||
| 942 | _cBK | ||